| 000 | 00686nam a2200205 a 4500 | ||
|---|---|---|---|
| 003 | OSt | ||
| 005 | 20141125181635.0 | ||
| 008 | 110915s2011 spc|||| |||| 000 0 cat|d | ||
| 017 |
_aDL B. 26060-2011 _bBiblioteca de Catalunya |
||
| 020 | _a9788497883979 | ||
| 040 |
_bcat _cCDMR |
||
| 100 | 1 |
_aMorató, Jordi _q(Morató Bullido) _94550 |
|
| 245 | 1 | 0 |
_aComunicació i estratègia _b: l'empresa vista a través de les ulleres de la comunicació _cJordi Morató |
| 260 |
_aBarcelona _bUOC _c2011 |
||
| 300 |
_a211 p. _bil. _c24 cm |
||
| 504 | _aBibliografia p. 207-211 | ||
| 650 | 7 |
_aComunicació en l'empresa _2lemac _92798 |
|
| 650 | 0 | 4 | _aComunicació en les organitzacions |
| 942 | _cMON | ||
| 999 |
_c6771 _d6771 |
||